000 00883nam a22001817a 4500
005 20260123084251.0
008 230712b ||||| |||| 00| 0 eng d
040 _cSSBUL
_dSSBUL
082 _223
_a၅၉၉.၆၇၀၉၅၉၁ ဖိုး ၁၆၀၄၂ (S-SAT)
100 _aဖိုး‌ကျော့။
245 _aဆင်လုပ်သား /
_cဖိုးကျော့။
260 _aရန်ကုန်၊
_bစာပေဗိမာန်၊
_c၁၉၇၃။
300 _a၂၇၃ စာမျက်နှာ၊
_bဓာတ်ပုံများ၊
_c၁၈ စင်တီ။
440 _aစာပေဗိမာန်ထုတ်ပြည်သူ့လက်စွဲစာစဉ်။
_927757
500 _aS-SAT: Dr. Prof Sai Aung Tun
650 _aဆင်များ
_zမြန်မာနိုင်ငံ။
_927843
942 _2ddc
_cBK1
999 _c27097
_d27097